| 000 | 00680nam a2200181Ia 4500 | ||
|---|---|---|---|
| 003 | GCL | ||
| 008 | 140319s9999 xx 000 0 ara d | ||
| 040 |
_aGCL / _cGCL |
||
| 082 | 0 | 4 |
_a953.073 _bص د |
| 100 | 1 | _aصابر محمد دياب حسين | |
| 245 | 1 | 0 |
_aدراسات فى تاريخ مصر الاسلامية وحضارتها : من الفتح الاسلامى حتى منتصف القرن الثالث الهجرى / _cصابر محمد دياب حسين |
| 300 | _a163 ص | ||
| 490 | _a | ||
| 650 | 0 | 4 | _aالحضارة الاسلامية |
| 650 | 0 | 4 | _aمصر - تاريخ |
| 650 | 0 | 4 | _aمصر - تاريخ - العصر الحديث (1805 - 1956 ) |
| 942 |
_2ddc _cBK |
||
| 999 |
_c45452 _d45452 |
||